000 00405nam a22001697a 4500
003 MPLRDC
005 20220104152902.0
008 210129b ||||| |||| 00| 0 eng d
082 _a782.85 RA c.2
100 _a韧庵 编著
245 _a中国古代戏剧家
_c
250 _a再版
260 _a
_b香港上海书局
_c1977
300 _b
650 _a中国传记
942 _cBK
_o782.85 RA c.2
999 _c53141
_d53131